Doctrina mercantil de la Dirección General de los Registros y del Notariado (Record no. 18728)

MARC details
000 -LEADER
campo de control de longitud fija 00963nam a2200241 i 4500
001 - NÚMERO DE CONTROL
campo de control 18728
003 - IDENTIFICADOR DE NÚMERO DE CONTROL
campo de control ES-MaACL
005 - FECHA Y HORA DE LA ÚLTIMA TRANSACCIÓN
campo de control 20230906151917.0
007 - CAMPO FIJO DE DESCRIPCIÓN FÍSICA--INFORMACIÓN GENERAL
campo de control de longitud fija t|
008 - DATOS DE LONGITUD FIJA--INFORMACIÓN GENERAL
campo de control de longitud fija 020219s2001 sp ||||0| spa j
020 ## - NÚMERO INTERNACIONAL ESTÁNDAR DEL LIBRO
Número Internacional Estándar del Libro 84-95240-32-7
040 ## - FUENTE DE CATALOGACIÓN
Centro catalogador/agencia de origen M-BN
Lengua de catalogación spa
Centro/agencia transcriptor M-BN
080 ## - NÚMERO DE LA CLASIFICACIÓN DECIMAL UNIVERSAL
Número de la Clasificación Decimal Universal 347.7(460)"19"(094.9)
100 1# - ENTRADA PRINCIPAL--NOMBRE DE PERSONA
Nombre de persona López Angel, Eduardo.
9 (RLIN) 73404
245 10 - MENCIÓN DEL TÍTULO
Título Doctrina mercantil de la Dirección General de los Registros y del Notariado
Resto del título : (1995-1999) /
Mención de responsabilidad, etc. Eduardo López Angel.
260 ## - PUBLICACIÓN, DISTRIBUCIÓN, ETC.
Lugar de publicación, distribución, etc. [Zaragoza] :
Nombre del editor, distribuidor, etc. Centro de Estudios Registrales,
Fecha de publicación, distribución, etc. [2001]
300 ## - DESCRIPCIÓN FÍSICA
Extensión 2 v ;
Dimensiones 24 cm.
500 ## - NOTA GENERAL
Nota general En la port.: Colegio de Registradores de la Propiedad y Mercantiles de España.
650 14 - PUNTO DE ACCESO ADICIONAL DE MATERIA--TÉRMINO DE MATERIA
Término de materia o nombre geográfico como elemento de entrada Derecho mercantil-
Subdivisión geográfica España-
Subdivisión de forma Jurisprudencia.
9 (RLIN) 11736
710 1# - ENTRADA AGREGADA--NOMBRE DE ENTIDAD CORPORATIVA
Nombre de entidad corporativa o nombre de jurisdicción como elemento de entrada España.
Unidad subordinada Dirección General de los Registros y del Notariado.
9 (RLIN) 3751
710 2# - ENTRADA AGREGADA--NOMBRE DE ENTIDAD CORPORATIVA
Nombre de entidad corporativa o nombre de jurisdicción como elemento de entrada Colegio de Registradores de la Propiedad y Mercantiles de España.
9 (RLIN) 2938
852 ## - LOCALIZACIÓN
Ubicación ES-MaACL
Número de control de estantería L-25304-5
Sublocalización o colección R.130206
Holdings
Estatus retirado Estado de pérdida Estado de daño No para préstamo Biblioteca de origen Biblioteca actual Ubicación en estantería Fecha de adquisición Fuente de adquisición Total de préstamos Signatura topográfica completa Código de barras Visto por última vez Precio de reemplazo Tipo de ítem Koha
        Biblioteca del Ateneo de Madrid Biblioteca del Ateneo de Madrid Depósito 2 17/01/2008     L-25304-5 1019165 23/02/2023 23/02/2023 Libro impreso